Partner stalking : How women respond, cope, and survive
This book examines the multiple aspects of partner stalking from the victim's perspective. Female survivors share their personal stories of partner stalking, and the authors provide an extensive look at the latest stalking research providing readers with the new most relevant implications for p...
Na minha lista:
| Formato: | Livro |
|---|---|
| Idioma: | Undetermined |
| Publicado em: |
New York
Springer Publishing Company
2006
|
| Assuntos: | |
| Tags: |
Adicionar Tag
Sem tags, seja o primeiro a adicionar uma tag!
|
| Thư viện lưu trữ: | Trung tâm Học liệu Trường Đại học Cần Thơ |
|---|
| LEADER | 00943nam a2200205Ia 4500 | ||
|---|---|---|---|
| 001 | CTU_190182 | ||
| 008 | 210402s9999 xx 000 0 und d | ||
| 082 | |a 362.8292 | ||
| 082 | |b P273 | ||
| 245 | 0 | |a Partner stalking : | |
| 245 | 0 | |b How women respond, cope, and survive | |
| 245 | 0 | |c TK Logan ... [et al.] | |
| 260 | |a New York | ||
| 260 | |b Springer Publishing Company | ||
| 260 | |c 2006 | ||
| 520 | |a This book examines the multiple aspects of partner stalking from the victim's perspective. Female survivors share their personal stories of partner stalking, and the authors provide an extensive look at the latest stalking research providing readers with the new most relevant implications for practice and future research. | ||
| 650 | |a Women,Abused women,Phụ nữ,Lạm dụng phụ nữ | ||
| 650 | |x Crimes against,Chống lại tội ác | ||
| 904 | |i Qhieu | ||
| 980 | |a Trung tâm Học liệu Trường Đại học Cần Thơ | ||